The entropy law and the economic process (Record no. 11041)
[ view plain ]
| 000 -LEADER | |
|---|---|
| fixed length control field | 00260nam a22001097a 4500 |
| 040 ## - CATALOGING SOURCE | |
| Transcribing agency | 330 |
| 082 ## - DEWEY DECIMAL CLASSIFICATION NUMBER | |
| Classification number | 330 NIC 1971 C083 |
| 100 ## - MAIN ENTRY--AUTHOR NAME | |
| Personal name | NICHOLAS GEORGESCU |
| 245 ## - TITLE STATEMENT | |
| Title | The entropy law and the economic process |
| 260 ## - PUBLICATION, DISTRIBUTION, ETC. (IMPRINT) | |
| Place of publication | Phnom Penh |
| Name of publisher | NIC |
| Year of publication | 1971 |
| 942 ## - ADDED ENTRY ELEMENTS (KOHA) | |
| Koha item type | សៀវភៅភាសាអង់គ្លេស |
| 952 ## - LOCATION AND ITEM INFORMATION (KOHA) | |
| Withdrawn status [LOCAL, KOHA] | 0 |
| Permanent Location | Date acquired | Koha item type | Lost status | Shelving location | Barcode | Current Location | Full call number |
|---|---|---|---|---|---|---|---|
| Library Block C | 2017-02-14 | សៀវភៅភាសាអង់គ្លេស | C189 | A04977 | Library Block C | 330 NIC 1971 C189 |